Excavation handbook
Αποθηκεύτηκε σε:
| Κύριος συγγραφέας: | |
|---|---|
| Μορφή: | Βιβλίο |
| Γλώσσα: | English |
| Δημοσίευση: |
New York :
McGraw-Hill,
c1981
|
| Θέματα: | |
| Ετικέτες: |
Προσθήκη ετικέτας
Δεν υπάρχουν, Καταχωρήστε ετικέτα πρώτοι!
|
MARC
| LEADER | 00000pam a2200000 i 4500 | ||
|---|---|---|---|
| 001 | 1/86307 | ||
| 008 | 970408s1981 eng d | ||
| 020 | |a 0-07-010840-4 | ||
| 035 | |l 10006468 | ||
| 040 | |a GR-MY-UA |b gre |e aacr | ||
| 041 | 0 | |a eng | |
| 082 | 0 | |a 624.152 | |
| 100 | 1 | |a Church, Horace K. | |
| 245 | 1 | 0 | |a Excavation handbook / |c Horace K. Church |
| 260 | |a New York : |b McGraw-Hill, |c c1981 | ||
| 300 | |a ca. 1000 p. in various pagings; |b ill.; |c 24 cm | ||
| 504 | |a Includes bibliographical references | ||
| 650 | 0 | 0 | |a Excavation. |
| 650 | 0 | 0 | |a Engineering geology. |
| 852 | |a INST |b LESVOS |e 19970408 |h 624.152 CHU |p 005100011563 |q 005100011563 |t BK |y 0 | ||
| 909 | |a Λ |b 009425 | ||